Can you name the players with the most Premier League yellow cards? - Statistics

General Stats
  • This quiz has been taken 24 times
  • The average score is 6 of 15
Answer Stats
Number of cards Nationality Player Clubs % Correct
102 England Wayne Rooney Everton, Man Utd
90%
97 England Paul Scholes Man Utd
70%
83* England Ashley Young Watford, Aston Villa, Man Utd, Aston Villa, Everton
65%
123 England Gareth Barry Aston Villa, Man City, Everton, West Brom
65%
78 England Joey Barton Man City, Newcastle, QPR, Burnley
50%
82 England Phil Neville Man Utd, Everton
50%
82 England Mark Noble West Ham
45%
85 England Kevin Nolan Bolton, Newcastle, West Ham
40%
89 Wales Robbie Savage Leicester, Birmingham, Blackburn, Derby
35%
99 England Lee Bowyer Charlton, Leeds, West Ham, Newcastle, Birmingham
30%
92 England Scott Parker Charlton, Chelsea, Newcastle, West Ham, Tottenham, Fulham
30%
99 England Kevin Davies Southampton, Blackburn, Bolton
20%
88 England Lee Cattermole Middlesbrough, Wigan, Sunderland
15%
79 Scotland Phil Bardsley Man Utd, Sunderland, Stoke, Burnley
15%
85 Netherlands George Boateng Coventry, Aston Villa, Middlesbrough, Hull, Nottingham Forest
10%
No matching quizzes found
Score Distribution
Percent of People with Each Score
Percentile by Number Answered
Your Score History
You have not taken this quiz